01862nam a2200265 a 4500008004100000020001500041050001700056100002200073245016000095260006400255300003100319350000900350650004400359650003900403700002200442995015500464995015500619995016400774995015500938999001701093952012701110952009601237952013601333952012701469100930s2004 ||||||||||||||||| || u a0130890669 aQD 96.N8 Lam aLambert, Joseph B10aNuclear magnetic resonance spectroscopy: an introduction to principles, applications, and experimental methodscby Joseph B. Lambert and Eugene, P. Mazzola aUpper Saddle River, New Jersey:bPerson/Prentice Hallc2004 axiv, various pagings.: ill a0.00 aNUCLEAR MAGNETIC RESONANCE SPECTROSCOPY 0aCHEMISTRY--HANDBOOKS, MANUALS, ETC aMazzola, Eugene P aANNEX COLLECTION (Main Library)e743797FCBU-MAIN LIBRARY (Kitwe)I0.00jQD 96.N8 LamM3UAVAILABLEWJun 11, 2013y743797ZAnnex Low-Usage Collection  aANNEX COLLECTION (Main Library)e743798FCBU-MAIN LIBRARY (Kitwe)I0.00jQD 96.N8 LamM4UAVAILABLEWJun 11, 2013y743798ZAnnex Low-Usage Collection  aMAIN LIBRARY OPEN ACCESSD0.00e741720FCBU-MAIN LIBRARY (Kitwe)H1I0.00jQD 96.N8 LamM1UAVAILABLEWOct 7, 2010y741720ZMain Library Open Access Collection aANNEX COLLECTION (Main Library)e743796FCBU-MAIN LIBRARY (Kitwe)I0.00jQD 96.N8 LamM2UAVAILABLEWJun 11, 2013y743796ZAnnex Low-Usage Collection  c78841d78841 00102lcc4070a001b001cAnnex Low-Usage Collectiond2023-06-06l0oQD 96.N8 Lamp743797r2023-06-06t1w2023-06-06y002 01102lcc4070a001b001d2023-06-06oQD 96.N8 Lamp743798r2023-06-06t2w2023-06-06y002 00102lcc4070a001b001cMain Library Open Access Collectiond2023-06-06l0oQD 96.N8 Lamp741720r2023-06-06t3w2023-06-06y002 00102lcc4070a001b001cAnnex Low-Usage Collectiond2023-06-06l0oQD 96.N8 Lamp743796r2023-06-06t4w2023-06-06y002